000 00538nam a2200181Ia 4500
005 20250508154856.0
008 008 250505s9999 xx 000 0 eng d
037 _aTextual
040 _aFEDL
_beng
_cFEDL
041 _aeng
_2eng
084 _a428, DEL
_qFEDL
245 0 _aNew english course, Book 1: English reader for class 6th
245 0 _cDelhi Administration. Education Department
260 _aDelhi, India
_bManager of Publications
300 _a134p
942 _cTEXL
_h428, DEL
999 _c1352556
_d1352556